Catalog

Record Details

Catalog Search



The Ottomans : khans, caesars, and caliphs / Marc ... Read More

Available copies

  • 1 of 1 copy available at LARL/NWRL Consortium.
  • 1 of 1 copy available at Lake Agassiz Regional Library. (Show preferred library)

Current holds

0 current holds with 1 total copy.

Show Only Available Copies
Location Call Number / Copy Notes Barcode Shelving Location Status Due Date
Detroit Lakes Public Library 956.015 BAE (Text) 33500013487475 Main Available -

Record details

  • ISBN: 9781541673809
  • ISBN: 1541673808
  • ISBN: 9781473695702
  • ISBN: 1473695708
  • Physical Description: viii, 543 pages, 16 unnumbered pages of plates : ... Read More
  • Edition: First edition.
  • Publisher: New York : Basic Books, 2021.

Content descriptions

Bibliography, etc. Note:
Includes bibliographical references and index.
Formatted Contents Note:
Introduction: the white castle -- The beginning: ... Read More
Summary, etc.:
"Ever since an Ottoman army led by Mehmed II ... Read More
Subject: Turkey > History > Ottoman Empire, 1288-1918.
Turkey.
HISTORY / Europe / Eastern.
Genre: History.
LDR 05714cam a2200553 i 4500
001373058
003LARL_NWRL_CONSORTIUM
00520211102203529.0
008210201t20212021nyuabf e b 001 0 eng
010 . ‡a 2021004793
040 . ‡aDLC ‡beng ‡erda ‡cDLC ‡dBDX ‡dOCLCO ‡dYDX ‡dOCLCF ‡dUKMGB ‡dCMI ‡dOI6 ‡dMJ8 ‡dCNNWP ‡dTOH ‡dGK8 ‡dJQM ‡dYDX
015 . ‡aGBC1C5586 ‡2bnb
0167 . ‡a020280698 ‡2Uk
019 . ‡a1272907714 ‡a1272927825
020 . ‡a9781541673809 ‡qhardcover
020 . ‡a1541673808 ‡qhardcover
020 . ‡a9781473695702 ‡qhardcover
020 . ‡a1473695708 ‡qhardcover
020 . ‡z9781541673779 ‡qelectronic book
020 . ‡z9781473695726 ‡qelectronic publication
035 . ‡a(OCoLC)1236896222 ‡z(OCoLC)1272907714 ‡z(OCoLC)1272927825
037 . ‡bPerseus Books Group, C/O Hachette Book Group USA 53 State st 9th Fl, Boston, MA, USA, 02109 ‡nSAN 200-2205
042 . ‡apcc
043 . ‡aa-tu---
08200. ‡a956/.0150922 ‡223
1001 . ‡aBaer, Marc David, ‡d1970- ‡eauthor.
24514. ‡aThe Ottomans : ‡bkhans, caesars, and caliphs / ‡cMarc David Baer.
250 . ‡aFirst edition.
264 1. ‡aNew York : ‡bBasic Books, ‡c2021.
264 4. ‡c©2021
300 . ‡aviii, 543 pages, 16 unnumbered pages of plates : ‡billustrations (some color), maps ; ‡c25 cm
336 . ‡atext ‡btxt ‡2rdacontent
337 . ‡aunmediated ‡bn ‡2rdamedia
338 . ‡avolume ‡bnc ‡2rdacarrier
504 . ‡aIncludes bibliographical references and index.
5050 . ‡aIntroduction: the white castle -- The beginning: Gazi Osman and Orhan -- The sultan and his converted slaves: Murad I -- Resurrecting the dynasty: Bayezid I, Mehmed I, and Murad II -- Conquering the second Rome: Mehmed II -- A Renaissance prince: Mehmed II -- A pious leader faces enemies at home and abroad: Bayezid II -- Magnificence: from Selim I to the first Ottoman caliph, Suleiman I -- Sultanic saviours -- The Ottoman age of discovery -- No way like the 'Ottoman way' -- Harem means home -- Bearded men and beardless youths -- Being Ottoman, being Roman: from Murad III to Osman II -- Return of the Gazi: Mehmed IV -- A Jewish messiah in the Ottoman palace -- The second siege of Vienna and the sweet waters of Europe: from Mehmed IV to Ahmed III -- Reform: breaking the cycle of rebellion from Selim III to Abdülhamid II -- Looking within: the Ottoman Orient -- Saving the dynasty from itself: young Turks -- The genocide of the Armenians and the first world war: Talat Pasha -- The end: Gazi Mustafa Kemal -- Conclusion: the Ottoman past endures.
520 . ‡a"Ever since an Ottoman army led by Mehmed II conquered Constantinople in 1453, it has been common to see the Ottoman Empire as the Islamic, Asian antithesis of the Christian, European West. But in reality the Ottoman dynasty ruled a multiethnic, multilingual, and multireligious empire that stretched across parts of Europe, Africa, and Asia. The Ottomans: Sultans, Khans, and Caesars offers a bold new history of this empire that straddled East and West for nearly five hundred years and negotiated the challenges of religious difference in ways that had a profound influence on the emergence of our modern world. As historian Marc David Baer shows, the Ottomans enjoyed a tripartite inheritance as they rose from a frontier principality to a world empire. The dynasty's origins can be traced to the tribes of Turks and Tatars pushed westward into Anatolia by Mongol expansion in the thirteenth and fourteenth centuries. But it was equally indebted to the Islamic scholars and Sufi sheikhs who proselytized Islam across this region and legitimated Ottoman rule. And from the Byzantine empire they supplanted, the Ottomans borrowed bureaucracy, culture, and claims to universal rule as the successors of Rome. Ottoman rulers did not only call themselves khans and sultans, but also caliphs, emperors, and caesars. The Ottomans managed their diverse empire by striking a delicate balance: amid a profoundly hierarchal society, they pioneered the principles and practices of toleration of religious minorities, even as they also freely used religious conversion to integrate conquered peoples into the imperial project. Indeed, the Ottomans were the only world empire to rely on converts to make up its ruling dynasty and to populate its military and administrative leadership. By receiving them as converts to Islam, they brought everyone from Byzantine and Serbian royalty to enslaved captives to common herdsmen into the elite fold as princesses, statesmen, and battlefield commanders. It was only in the final decades of the nineteenth century that the Ottomans began to turn away from this approach, trying to save the empire by making it into an exclusively Ottoman Muslim polity, and then into a Turkish one. The tragic consequence was ethnic cleansing and genocide, and the dynasty's demise in the wake of the First World War. For better and for worse, the Ottoman Empire was as magnificent and as horrible as any of its European contemporaries. The Ottomans reveals its history in full, showing how again and again it remade the world from the Renaissance and the Enlightenment to the dawn of a brutal century world war"-- ‡cProvided by publisher.
651 0. ‡aTurkey ‡xHistory ‡yOttoman Empire, 1288-1918. ‡0(LARL_NWRL_CONSORTIUM)33138
651 7. ‡aTurkey. ‡2fast ‡0(LARL_NWRL_CONSORTIUM)4209
650 7. ‡aHISTORY / Europe / Eastern. ‡2bisacsh
648 7. ‡a1288-1918 ‡2fast
655 7. ‡aHistory. ‡2fast
77608. ‡iebook version : ‡z9781473695726
901 . ‡a373058 ‡bOCoLC ‡c373058 ‡tbiblio ‡soclc

Additional Resources